[Event "Ch_SFO"]
[Site "?"]
[Date "2018.03.18"]
[Round "6.1"]
[White "Maletina, Tatiana"]
[Black "Matiukova, Uliana"]
[Result "1-0"]
[BlackElo "1986"]
[WhiteElo "2214"]
[LiveChessVersion "1.4.8"]

1. d4 {[%clk 1:30:58]} Nf6 {[%clk 1:30:53]} 2. Bg5 {[%clk 1:31:24]} d5
{[%clk 1:31:07]} 3. e3 {[%clk 1:31:28]} c6 {[%clk 1:31:24]} 4. Bd3
{[%clk 1:30:09]} Qb6 {[%clk 1:31:31]} 5. Nd2 {[%clk 1:28:31]} Qxb2
{[%clk 1:24:06]} 6. Ngf3 {[%clk 1:28:58]} g6 {[%clk 1:20:07]} 7. O-O
{[%clk 1:16:33]} Bg7 {[%clk 1:17:12]} 8. Rb1 {[%clk 1:12:02]} Qa3
{[%clk 1:17:03]} 9. Rb3 {[%clk 0:57:31]} Qa5 {[%clk 1:14:22]} 10. Qb1
{[%clk 0:56:00]} O-O {[%clk 1:10:50]} 11. Qb2 {[%clk 0:54:45]} Nbd7
{[%clk 1:05:40]} 12. c4 {[%clk 0:52:51]} dxc4 {[%clk 1:01:05]} 13. Nxc4
{[%clk 0:53:13]} Qd8 {[%clk 1:01:27]} 14. Qa3 {[%clk 0:53:34]} h6
{[%clk 0:55:05]} 15. Bh4 {[%clk 0:49:02]} g5 {[%clk 0:52:31]} 16. Bg3
{[%clk 0:49:30]} Nh5 {[%clk 0:52:17]} 17. Rfb1 {[%clk 0:49:41]} Nxg3
{[%clk 0:51:42]} 18. hxg3 {[%clk 0:50:08]} Re8 {[%clk 0:38:58]} 19. Na5
{[%clk 0:48:18]} Nb6 {[%clk 0:37:17]} 20. Nxc6 {[%clk 0:38:39]} bxc6
{[%clk 0:37:42]} 21. Rxb6 {[%clk 0:39:06]} axb6 {[%clk 0:38:04]} 22. Qxa8
{[%clk 0:39:31]} Qc7 {[%clk 0:37:39]} 23. Be4 {[%clk 0:38:11]} Bd7
{[%clk 0:36:26]} 24. Qa6 {[%clk 0:38:37]} Rb8 {[%clk 0:35:13]} 25. Rc1
{[%clk 0:38:56]} c5 {[%clk 0:33:04]} 26. a4 {[%clk 0:33:36]} Qd6 {[%clk 0:28:03]}
27. dxc5 {[%clk 0:22:07]} bxc5 {[%clk 0:27:58]} 28. Qa7 {[%clk 0:22:34]} Rc8
{[%clk 0:21:11]} 29. a5 {[%clk 0:18:53]} c4 {[%clk 0:18:00]} 30. a6
{[%clk 0:18:51]} Bb5 {[%clk 0:16:23]} 31. Bb7 {[%clk 0:17:25]} Rd8
{[%clk 0:15:12]} 32. Nd4 {[%clk 0:17:50]} Qa3 {[%clk 0:12:11]} 33. Rb1
{[%clk 0:16:24]} Bxd4 {[%clk 0:12:07]} 34. exd4 {[%clk 0:16:49]} c3
{[%clk 0:11:35]} 35. Qb6 {[%clk 0:11:53]} Rd6 {[%clk 0:10:24]} 36. Qxb5
{[%clk 0:12:14]} c2 {[%clk 0:10:37]} 37. Rf1 {[%clk 0:11:31]} c1=Q
{[%clk 0:09:34]} 38. Rxc1 {[%clk 0:11:31]} Qxc1+ {[%clk 0:09:34]} 39. Kh2
{[%clk 0:11:31]} Qa3 {[%clk 0:05:04]} 40. Qc5 {[%clk 0:11:35]} Qa2
{[%clk 0:03:03]} 41. a7 {[%clk 0:11:58]} Rd8 {[%clk 0:03:19]} 42. Qxe7
{[%clk 0:12:24]} 1-0

[Event "Ch_SFO"]
[Site "?"]
[Date "2018.03.18"]
[Round "6.2"]
[White "Yanuchenko, Polina"]
[Black "Orshonova, Elena"]
[Result "1/2-1/2"]
[BlackElo "2024"]
[WhiteElo "2105"]
[LiveChessVersion "1.4.8"]

1. d4 {[%clk 1:30:51]} Nf6 {[%clk 1:30:54]} 2. c4 {[%clk 1:31:06]} g6
{[%clk 1:31:09]} 3. g3 {[%clk 1:31:20]} Bg7 {[%clk 1:31:35]} 4. Bg2
{[%clk 1:31:46]} O-O {[%clk 1:32:02]} 5. Nc3 {[%clk 1:31:51]} d6 {[%clk 1:32:29]}
6. Nf3 {[%clk 1:31:24]} Nbd7 {[%clk 1:32:45]} 7. O-O {[%clk 1:31:33]} e5
{[%clk 1:33:00]} 8. e4 {[%clk 1:29:13]} c6 {[%clk 1:33:19]} 9. h3
{[%clk 1:29:20]} a6 {[%clk 1:33:03]} 10. a4 {[%clk 1:16:15]} a5 {[%clk 1:32:52]}
11. Be3 {[%clk 1:14:01]} Re8 {[%clk 1:32:47]} 12. Qc2 {[%clk 1:12:22]} Qc7
{[%clk 1:31:50]} 13. Rad1 {[%clk 1:11:18]} exd4 {[%clk 1:28:26]} 14. Nxd4
{[%clk 1:10:35]} Nc5 {[%clk 1:27:14]} 15. Nb3 {[%clk 1:03:29]} Nfd7
{[%clk 1:21:01]} 16. Bd4 {[%clk 0:54:43]} Bf8 {[%clk 1:14:36]} 17. Nc1
{[%clk 0:46:49]} Na6 {[%clk 1:14:32]} 18. f4 {[%clk 0:46:06]} Nb4
{[%clk 1:14:43]} 19. Qf2 {[%clk 0:45:21]} Nc5 {[%clk 1:14:40]} 20. f5
{[%clk 0:41:11]} b6 {[%clk 1:12:47]} 21. b3 {[%clk 0:35:44]} Ba6 {[%clk 1:07:46]}
22. Rfe1 {[%clk 0:35:04]} Nd7 {[%clk 1:05:41]} 23. h4 {[%clk 0:33:19]} Rab8
{[%clk 1:02:29]} 24. Nd3 {[%clk 0:31:31]} Nxd3 {[%clk 1:02:07]} 25. Rxd3
{[%clk 0:31:57]} Nc5 {[%clk 1:00:14]} 26. fxg6 {[%clk 0:26:20]} fxg6
{[%clk 0:59:12]} 27. Bxc5 {[%clk 0:23:24]} bxc5 {[%clk 0:59:18]} 28. e5
{[%clk 0:21:34]} Rxe5 {[%clk 0:52:33]} 29. Rxe5 {[%clk 0:20:30]} dxe5
{[%clk 0:52:58]} 30. Ne4 {[%clk 0:18:08]} Rd8 {[%clk 0:50:19]} 31. Rxd8
{[%clk 0:13:31]} Qxd8 {[%clk 0:50:44]} 32. Nxc5 {[%clk 0:12:41]} Bc8
{[%clk 0:51:06]} 33. Bxc6 {[%clk 0:11:56]} Qd1+ {[%clk 0:43:10]} 34. Kg2
{[%clk 0:11:10]} Bf5 {[%clk 0:42:57]} 35. Bd5+ {[%clk 0:09:19]} Kh8
{[%clk 0:43:05]} 36. Ne6 {[%clk 0:08:03]} Bb4 {[%clk 0:41:59]} 37. Ng5
{[%clk 0:06:25]} Qd4 {[%clk 0:35:53]} 38. Nf3 {[%clk 0:03:25]} Qc3
{[%clk 0:23:25]} 39. Qe2 {[%clk 0:02:51]} Bd6 {[%clk 0:23:26]} 40. Ng5
{[%clk 0:02:41]} Kg7 {[%clk 0:22:04]} 41. Qf2 {[%clk 0:02:44]} Qd4
{[%clk 0:21:52]} 42. Qxd4 {[%clk 0:02:43]} exd4 {[%clk 0:22:16]} 43. Ne6+
{[%clk 0:02:55]} Bxe6 {[%clk 0:22:27]} 44. Bxe6 {[%clk 0:03:21]} Kf6
{[%clk 0:21:17]} 45. Bd5 {[%clk 0:01:51]} Ke5 {[%clk 0:19:50]} 46. Kf3
{[%clk 0:01:38]} Bb4 {[%clk 0:19:46]} 47. Ke2 {[%clk 0:01:48]} h6
{[%clk 0:19:04]} 48. Bf3 {[%clk 0:01:24]} g5 {[%clk 0:19:00]} 49. hxg5
{[%clk 0:01:05]} hxg5 {[%clk 0:19:24]} 50. Kd3 {[%clk 0:01:28]} Bc5
{[%clk 0:19:19]} 51. Bg4 {[%clk 0:01:47]} Bb4 {[%clk 0:19:34]} 52. Bf3
{[%clk 0:02:05]} 1/2-1/2

[Event "Ch_SFO"]
[Site "?"]
[Date "2018.03.18"]
[Round "6.3"]
[White "Erdenieva, Oyuna"]
[Black "Loskutova, Viktoriya"]
[Result "1/2-1/2"]
[BlackElo "2027"]
[WhiteElo "2079"]
[LiveChessVersion "1.4.8"]

1. d4 {[%clk 1:30:41]} d5 {[%clk 1:30:56]} 2. c4 {[%clk 1:31:08]} e6
{[%clk 1:31:24]} 3. Nc3 {[%clk 1:31:34]} Bb4 {[%clk 1:31:52]} 4. cxd5
{[%clk 1:31:59]} exd5 {[%clk 1:32:17]} 5. Bf4 {[%clk 1:32:26]} Nf6
{[%clk 1:31:37]} 6. e3 {[%clk 1:32:46]} O-O {[%clk 1:31:34]} 7. Bd3
{[%clk 1:33:06]} c5 {[%clk 1:28:58]} 8. Nge2 {[%clk 1:33:27]} cxd4
{[%clk 1:24:18]} 9. exd4 {[%clk 1:33:49]} Nc6 {[%clk 1:21:58]} 10. O-O
{[%clk 1:34:05]} Bd6 {[%clk 1:13:11]} 11. Rc1 {[%clk 1:32:08]} Bxf4
{[%clk 1:06:06]} 12. Nxf4 {[%clk 1:32:25]} Qd6 {[%clk 1:06:02]} 13. Qd2
{[%clk 1:31:54]} h6 {[%clk 0:56:41]} 14. Bb5 {[%clk 1:29:05]} Bd7
{[%clk 0:52:02]} 15. f3 {[%clk 1:23:12]} a6 {[%clk 0:49:35]} 16. Bxc6
{[%clk 1:20:52]} Bxc6 {[%clk 0:49:56]} 17. Nd3 {[%clk 1:20:41]} Nd7
{[%clk 0:48:57]} 18. Rfe1 {[%clk 1:19:53]} Rfe8 {[%clk 0:49:02]} 19. Rxe8+
{[%clk 1:18:42]} Rxe8 {[%clk 0:49:30]} 20. Re1 {[%clk 1:18:58]} Rxe1+
{[%clk 0:41:50]} 21. Qxe1 {[%clk 1:19:16]} Kf8 {[%clk 0:41:41]} 22. Qe3
{[%clk 1:12:44]} Qe7 {[%clk 0:41:04]} 23. Qxe7+ {[%clk 1:08:27]} Kxe7
{[%clk 0:41:33]} 24. h4 {[%clk 1:08:18]} Kd6 {[%clk 0:40:30]} 25. Kf2
{[%clk 1:08:16]} Nf8 {[%clk 0:38:02]} 26. Ke3 {[%clk 1:07:31]} Ne6
{[%clk 0:38:19]} 27. Nf4 {[%clk 0:59:02]} Nxf4 {[%clk 0:32:21]} 28. Kxf4
{[%clk 0:59:27]} a5 {[%clk 0:29:16]} 29. a3 {[%clk 0:58:35]} Bd7 {[%clk 0:28:10]}
30. b4 {[%clk 0:52:16]} axb4 {[%clk 0:27:59]} 31. axb4 {[%clk 0:52:44]} Be8
{[%clk 0:25:20]} 32. g4 {[%clk 0:40:07]} Bd7 {[%clk 0:20:53]} 33. h5
{[%clk 0:34:39]} Ke6 {[%clk 0:17:46]} 34. Kg3 {[%clk 0:22:14]} Kd6
{[%clk 0:16:57]} 35. Kf4 {[%clk 0:14:47]} Ke6 {[%clk 0:17:08]} 36. Kg3
{[%clk 0:12:57]} Kd6 {[%clk 0:17:33]} 37. Kf4 {[%clk 0:13:24]} 1/2-1/2

[Event "Ch_SFO"]
[Site "?"]
[Date "2018.03.18"]
[Round "6.4"]
[White "Petrukhina, Olga"]
[Black "Smagina, Sofya"]
[Result "1/2-1/2"]
[BlackElo "1988"]
[WhiteElo "2133"]
[LiveChessVersion "1.4.8"]

1. Nf3 {[%clk 1:30:30]} d5 {[%clk 1:31:16]} 2. c4 {[%clk 1:31:29]} c6
{[%clk 1:31:30]} 3. g3 {[%clk 1:31:58]} Nf6 {[%clk 1:31:40]} 4. Bg2
{[%clk 1:32:26]} Bf5 {[%clk 1:30:46]} 5. cxd5 {[%clk 1:32:43]} cxd5
{[%clk 1:31:06]} 6. Qb3 {[%clk 1:33:12]} Qb6 {[%clk 1:30:02]} 7. Qxb6
{[%clk 1:32:55]} axb6 {[%clk 1:30:30]} 8. Nc3 {[%clk 1:32:57]} e6
{[%clk 1:29:31]} 9. Nb5 {[%clk 1:26:46]} Ra5 {[%clk 1:24:45]} 10. Nbd4
{[%clk 1:24:01]} Bg6 {[%clk 1:22:33]} 11. d3 {[%clk 1:23:24]} Bb4+
{[%clk 1:21:21]} 12. Bd2 {[%clk 1:23:43]} Bxd2+ {[%clk 1:21:36]} 13. Kxd2
{[%clk 1:23:42]} O-O {[%clk 1:12:36]} 14. Rhc1 {[%clk 1:16:20]} Rc5
{[%clk 1:12:27]} 15. b4 {[%clk 1:12:36]} Rxc1 {[%clk 1:09:49]} 16. Rxc1
{[%clk 1:12:58]} Na6 {[%clk 1:10:08]} 17. a3 {[%clk 0:56:48]} Nd7
{[%clk 1:05:23]} 18. Bh3 {[%clk 0:53:32]} Re8 {[%clk 1:03:24]} 19. Nb5
{[%clk 0:51:23]} Kf8 {[%clk 0:33:15]} 20. Nfd4 {[%clk 0:29:35]} Ke7
{[%clk 0:30:53]} 21. f4 {[%clk 0:29:29]} Ra8 {[%clk 0:19:43]} 22. Rc3
{[%clk 0:25:37]} f5 {[%clk 0:18:28]} 23. g4 {[%clk 0:23:50]} fxg4
{[%clk 0:16:23]} 24. Bxg4 {[%clk 0:24:19]} e5 {[%clk 0:16:19]} 25. Ne6
{[%clk 0:16:41]} d4 {[%clk 0:14:30]} 26. Rc1 {[%clk 0:16:45]} Be8
{[%clk 0:06:29]} 27. Nxg7 {[%clk 0:06:11]} Ndc5 {[%clk 0:04:41]} 28. bxc5
{[%clk 0:06:06]} Bxb5 {[%clk 0:05:10]} 29. cxb6 {[%clk 0:02:22]} Rg8
{[%clk 0:04:44]} 30. Nf5+ {[%clk 0:02:16]} Kf6 {[%clk 0:04:18]} 31. fxe5+
{[%clk 0:01:07]} Kxe5 {[%clk 0:04:29]} 32. Bh3 {[%clk 0:01:20]} Rg6
{[%clk 0:03:28]} 33. Rb1 {[%clk 0:00:47]} Bd7 {[%clk 0:02:48]} 34. Ne7
{[%clk 0:00:39]} Bxh3 {[%clk 0:03:04]} 35. Nxg6+ {[%clk 0:01:08]} hxg6
{[%clk 0:03:32]} 36. Rc1 {[%clk 0:01:00]} Kd5 {[%clk 0:03:30]} 37. e4+
{[%clk 0:00:56]} dxe3+ {[%clk 0:03:39]} 38. Kxe3 {[%clk 0:01:25]} Nc5
{[%clk 0:03:12]} 39. Rg1 {[%clk 0:00:56]} Bf5 {[%clk 0:03:36]} 40. d4
{[%clk 0:00:49]} Na4 {[%clk 0:03:50]} 41. h4 {[%clk 0:00:41]} Nxb6
{[%clk 0:03:22]} 42. h5 {[%clk 0:01:01]} gxh5 {[%clk 0:03:40]} 43. Rg5
{[%clk 0:01:29]} Ke6 {[%clk 0:03:56]} 44. Rxh5 {[%clk 0:01:32]} Nd5+
{[%clk 0:04:07]} 45. Kd2 {[%clk 0:01:39]} Ne7 {[%clk 0:00:54]} 46. Kc3
{[%clk 0:01:39]} b6 {[%clk 0:00:39]} 47. Rh6+ {[%clk 0:01:08]} Kd7
{[%clk 0:01:02]} 48. Kc4 {[%clk 0:01:11]} Be6+ {[%clk 0:01:08]} 49. Kb5
{[%clk 0:01:29]} Nd5 {[%clk 0:01:06]} 50. a4 {[%clk 0:00:52]} Kd6
{[%clk 0:00:54]} 51. a5 {[%clk 0:00:48]} Ke5 1/2-1/2

[Event "Ch_SFO"]
[Site "?"]
[Date "2018.03.18"]
[Round "6.6"]
[White "Anikonov, Dmitry"]
[Black "Belozerov, Andrei"]
[Result "1/2-1/2"]
[BlackElo "2526"]
[WhiteElo "2398"]
[LiveChessVersion "1.4.8"]

1. d4 {[%clk 1:30:38]} d5 {[%clk 1:30:54]} 2. c4 {[%clk 1:31:04]} c6
{[%clk 1:31:17]} 3. Nf3 {[%clk 1:31:29]} Nf6 {[%clk 1:31:41]} 4. g3
{[%clk 1:31:52]} Bg4 {[%clk 1:31:39]} 5. Ne5 {[%clk 1:32:17]} Bf5
{[%clk 1:31:58]} 6. cxd5 {[%clk 1:32:41]} cxd5 {[%clk 1:32:16]} 7. Nc3
{[%clk 1:33:00]} Nc6 {[%clk 1:31:53]} 8. f3 {[%clk 1:32:24]} Bd7 {[%clk 1:27:59]}
9. g4 {[%clk 1:30:04]} h6 {[%clk 1:27:44]} 10. Bf4 {[%clk 1:29:43]} e6
{[%clk 1:27:32]} 11. e3 {[%clk 1:28:38]} Nxe5 {[%clk 1:25:39]} 12. Bxe5
{[%clk 1:21:56]} Bc6 {[%clk 1:24:42]} 13. Bd3 {[%clk 1:19:44]} Nd7
{[%clk 1:23:48]} 14. Bg3 {[%clk 1:19:13]} Be7 {[%clk 1:23:51]} 15. h4
{[%clk 1:12:27]} Nb6 {[%clk 1:08:05]} 16. Qe2 {[%clk 1:05:00]} Rc8
{[%clk 1:03:20]} 17. Kf2 {[%clk 0:57:21]} Bd6 {[%clk 0:58:10]} 18. Bxd6
{[%clk 0:56:17]} Qxd6 {[%clk 0:57:30]} 19. f4 {[%clk 0:56:36]} Ke7
{[%clk 0:57:05]} 20. g5 {[%clk 0:56:46]} hxg5 {[%clk 0:54:51]} 21. hxg5
{[%clk 0:57:08]} Qb8 {[%clk 0:54:25]} 22. Qg4 {[%clk 0:44:27]} Rxh1
{[%clk 0:50:58]} 23. Rxh1 {[%clk 0:44:25]} Rh8 {[%clk 0:51:27]} 24. Rh4
{[%clk 0:44:28]} Qf8 {[%clk 0:46:44]} 25. b3 {[%clk 0:36:58]} Rxh4
{[%clk 0:41:15]} 26. Qxh4 {[%clk 0:37:24]} g6 {[%clk 0:41:29]} 27. Qh7
{[%clk 0:36:52]} Kd8 {[%clk 0:41:30]} 28. Ke2 {[%clk 0:35:51]} Nc8
{[%clk 0:40:17]} 29. Kd2 {[%clk 0:35:02]} Nd6 {[%clk 0:40:33]} 30. Kc2
{[%clk 0:33:44]} a6 {[%clk 0:39:46]} 31. Kb2 {[%clk 0:29:22]} Bb5
{[%clk 0:38:32]} 32. Qh6 {[%clk 0:26:20]} Qe8 {[%clk 0:36:42]} 33. Bc2
{[%clk 0:25:54]} Qg8 {[%clk 0:34:19]} 34. a4 {[%clk 0:22:28]} Bc6
{[%clk 0:34:30]} 35. Bd3 {[%clk 0:21:51]} a5 {[%clk 0:34:26]} 36. Nd1
{[%clk 0:19:15]} Kc8 {[%clk 0:29:35]} 37. Nf2 {[%clk 0:18:58]} Kb8
{[%clk 0:27:21]} 38. Ng4 {[%clk 0:18:14]} Ka7 {[%clk 0:26:38]} 39. Qh2
{[%clk 0:16:17]} Qd8 {[%clk 0:24:16]} 40. Qc2 {[%clk 0:16:26]} Be8
{[%clk 0:24:20]} 41. Ne5 {[%clk 0:15:44]} Kb8 {[%clk 0:23:58]} 42. Qc5
{[%clk 0:13:57]} Qc7 {[%clk 0:22:17]} 43. Kc3 {[%clk 0:13:22]} b6
{[%clk 0:22:27]} 44. Qxc7+ {[%clk 0:13:45]} Kxc7 {[%clk 0:22:52]} 45. Bc2
{[%clk 0:13:44]} Kd8 {[%clk 0:19:42]} 46. b4 {[%clk 0:13:28]} Kc7
{[%clk 0:20:00]} 47. b5 {[%clk 0:13:17]} Kd8 {[%clk 0:17:08]} 48. Kd2
{[%clk 0:12:55]} Bd7 {[%clk 0:16:29]} 49. e4 {[%clk 0:07:05]} Ke8
{[%clk 0:10:47]} 50. Ng4 {[%clk 0:04:05]} Ke7 {[%clk 0:08:04]} 51. e5
{[%clk 0:01:05]} Ne8 {[%clk 0:07:48]} 1/2-1/2

[Event "Ch_SFO"]
[Site "?"]
[Date "2018.03.18"]
[Round "6.7"]
[White "Tsydypov, Zhamsaran"]
[Black "Piskunov, Alexandr"]
[Result "1-0"]
[BlackElo "2356"]
[WhiteElo "2523"]
[LiveChessVersion "1.4.8"]

1. e4 {[%clk 1:21:02]} d6 {[%clk 1:30:58]} 2. d4 {[%clk 1:21:26]} Nf6
{[%clk 1:31:26]} 3. Nc3 {[%clk 1:21:45]} e5 {[%clk 1:31:53]} 4. Nf3
{[%clk 1:22:08]} Nbd7 {[%clk 1:32:20]} 5. Rg1 {[%clk 1:22:33]} c6
{[%clk 1:27:17]} 6. g4 {[%clk 1:22:58]} exd4 {[%clk 1:27:42]} 7. Nxd4
{[%clk 1:23:12]} Nc5 {[%clk 1:21:49]} 8. Qe2 {[%clk 1:20:44]} Qe7
{[%clk 1:18:26]} 9. f3 {[%clk 1:20:29]} g6 {[%clk 1:18:48]} 10. Bf4
{[%clk 1:20:10]} Nfd7 {[%clk 1:07:26]} 11. O-O-O {[%clk 1:18:21]} Ne5
{[%clk 1:07:55]} 12. Qd2 {[%clk 1:06:16]} Bg7 {[%clk 0:59:27]} 13. Bg5
{[%clk 1:05:29]} Bf6 {[%clk 0:58:13]} 14. Bxf6 {[%clk 1:05:56]} Qxf6
{[%clk 0:58:42]} 15. g5 {[%clk 1:03:07]} Qe7 {[%clk 0:57:46]} 16. f4
{[%clk 1:03:08]} Ned7 {[%clk 0:58:14]} 17. Nb3 {[%clk 0:57:32]} O-O
{[%clk 0:53:57]} 18. Qxd6 {[%clk 0:53:47]} Qxd6 {[%clk 0:53:52]} 19. Rxd6
{[%clk 0:54:10]} Nxb3+ {[%clk 0:52:46]} 20. axb3 {[%clk 0:54:37]} Re8
{[%clk 0:53:09]} 21. e5 {[%clk 0:52:42]} Nc5 {[%clk 0:53:20]} 22. b4
{[%clk 0:51:56]} Ne6 {[%clk 0:53:49]} 23. Ne4 {[%clk 0:52:14]} Rd8
{[%clk 0:53:59]} 24. Bc4 {[%clk 0:51:28]} Rxd6 {[%clk 0:52:53]} 25. exd6
{[%clk 0:51:48]} Nxf4 {[%clk 0:53:11]} 26. Rf1 {[%clk 0:50:29]} Ne6
{[%clk 0:53:19]} 27. d7 {[%clk 0:49:21]} Bxd7 {[%clk 0:53:47]} 28. Nf6+
{[%clk 0:49:46]} Kg7 {[%clk 0:54:11]} 29. Nxd7 {[%clk 0:50:12]} Nxg5
{[%clk 0:54:37]} 30. h4 {[%clk 0:49:44]} 1-0

[Event "Ch_SFO"]
[Site "?"]
[Date "2018.03.18"]
[Round "6.8"]
[White "Khegay, Dmitriy"]
[Black "Ponomarev, Grigori"]
[Result "1-0"]
[BlackElo "2120"]
[WhiteElo "2485"]
[LiveChessVersion "1.4.8"]

1. e4 {[%clk 1:30:47]} e5 {[%clk 1:29:47]} 2. Nf3 {[%clk 1:31:11]} Nf6
{[%clk 1:30:07]} 3. d3 {[%clk 1:31:33]} Nc6 {[%clk 1:29:33]} 4. c3
{[%clk 1:31:56]} d5 {[%clk 1:28:15]} 5. Nbd2 {[%clk 1:32:20]} g6 {[%clk 1:26:43]}
6. Be2 {[%clk 1:32:32]} Bg7 {[%clk 1:27:08]} 7. O-O {[%clk 1:32:58]} O-O
{[%clk 1:27:33]} 8. b4 {[%clk 1:32:58]} a6 {[%clk 1:26:15]} 9. Bb2
{[%clk 1:33:05]} dxe4 {[%clk 1:19:42]} 10. dxe4 {[%clk 1:33:29]} Nh5
{[%clk 1:19:08]} 11. g3 {[%clk 1:33:25]} f5 {[%clk 1:13:45]} 12. exf5
{[%clk 1:29:42]} Bxf5 {[%clk 1:13:06]} 13. Nh4 {[%clk 1:21:58]} Nf4
{[%clk 1:11:43]} 14. Bc4+ {[%clk 1:20:16]} Be6 {[%clk 1:12:06]} 15. Bxe6+
{[%clk 1:20:30]} Nxe6 {[%clk 1:12:28]} 16. Ne4 {[%clk 1:20:21]} Qe7
{[%clk 1:09:12]} 17. Ng2 {[%clk 1:19:24]} Ng5 {[%clk 1:06:14]} 18. Nxg5
{[%clk 1:15:56]} Qxg5 {[%clk 1:06:40]} 19. Qd5+ {[%clk 1:15:41]} Kh8
{[%clk 1:04:30]} 20. Ne3 {[%clk 1:06:06]} Rad8 {[%clk 0:59:40]} 21. Qe4
{[%clk 1:06:20]} Rf4 {[%clk 0:53:10]} 22. Qg2 {[%clk 1:06:41]} Rf7
{[%clk 0:53:18]} 23. Rad1 {[%clk 1:05:24]} Rdf8 24. Nc4 {[%clk 0:58:51]} Qg4
{[%clk 0:47:25]} 25. Qd5 {[%clk 0:49:31]} e4 {[%clk 0:35:46]} 26. Rde1
{[%clk 0:36:09]} Rf5 {[%clk 0:30:48]} 27. Qxe4 {[%clk 0:31:04]} Rf4
{[%clk 0:30:17]} 28. Qd3 {[%clk 0:31:22]} Rd8 {[%clk 0:25:03]} 29. f3
{[%clk 0:31:08]} Rxd3 {[%clk 0:22:46]} 30. fxg4 {[%clk 0:27:47]} Rxf1+
{[%clk 0:23:06]} 31. Kxf1 {[%clk 0:28:15]} Bxc3 {[%clk 0:20:40]} 32. Re8+
{[%clk 0:10:27]} Kg7 {[%clk 0:21:08]} 33. Rc8 {[%clk 0:06:58]} Bxb2
{[%clk 0:17:20]} 34. Rxc7+ {[%clk 0:07:24]} Kf6 {[%clk 0:17:37]} 35. Nxb2
{[%clk 0:07:50]} Rf3+ {[%clk 0:17:56]} 36. Kg1 {[%clk 0:04:08]} Rc3
{[%clk 0:16:34]} 37. Na4 {[%clk 0:04:34]} Rc1+ {[%clk 0:16:49]} 38. Kg2
{[%clk 0:03:34]} Rc2+ {[%clk 0:17:11]} 39. Kh3 {[%clk 0:04:01]} Rxa2
{[%clk 0:16:40]} 40. Nc3 {[%clk 0:03:33]} Rc2 {[%clk 0:16:20]} 41. Ne4+
{[%clk 0:03:23]} Ke5 {[%clk 0:16:41]} 42. Ng5 {[%clk 0:03:20]} Nxb4
{[%clk 0:15:46]} 43. Rxb7 {[%clk 0:03:37]} Nd5 {[%clk 0:15:54]} 44. Nxh7
{[%clk 0:03:21]} Rc7 {[%clk 0:14:09]} 45. Rxc7 {[%clk 0:03:43]} Nxc7 46. Nf8
{[%clk 0:03:31]} g5 {[%clk 0:08:03]} 47. Kg2 {[%clk 0:03:55]} a5 {[%clk 0:08:22]}
48. h4 {[%clk 0:04:05]} a4 {[%clk 0:07:45]} 49. Nd7+ {[%clk 0:04:19]} Ke6
{[%clk 0:04:39]} 50. Nc5+ {[%clk 0:04:30]} Kf6 {[%clk 0:04:58]} 51. Nxa4
{[%clk 0:04:55]} Nd5 {[%clk 0:04:59]} 52. Nc5 {[%clk 0:05:02]} Ne3+
{[%clk 0:04:48]} 53. Kf3 {[%clk 0:05:26]} Nf1 {[%clk 0:05:01]} 54. Ne4+
{[%clk 0:05:50]} Kg6 {[%clk 0:05:27]} 55. Nxg5 {[%clk 0:05:03]} 1-0

[Event "Ch_SFO"]
[Site "?"]
[Date "2018.03.18"]
[Round "6.9"]
[White "Efanov, Mikhail"]
[Black "Khanin, Semen"]
[Result "0-1"]
[BlackElo "2463"]
[WhiteElo "2165"]
[LiveChessVersion "1.4.8"]

1. d4 {[%clk 1:30:58]} Nf6 {[%clk 1:30:42]} 2. c4 {[%clk 1:31:22]} e6
{[%clk 1:31:09]} 3. g3 {[%clk 1:31:39]} c5 {[%clk 1:31:34]} 4. d5
{[%clk 1:32:04]} exd5 {[%clk 1:32:00]} 5. cxd5 {[%clk 1:32:29]} d6
{[%clk 1:32:24]} 6. Nc3 {[%clk 1:32:39]} g6 {[%clk 1:32:48]} 7. Bg2
{[%clk 1:32:56]} Bg7 {[%clk 1:33:12]} 8. Nf3 {[%clk 1:33:06]} O-O
{[%clk 1:33:34]} 9. O-O {[%clk 1:33:26]} a6 {[%clk 1:33:58]} 10. a4
{[%clk 1:33:48]} Nbd7 {[%clk 1:34:22]} 11. Nd2 {[%clk 1:33:43]} Qe7
{[%clk 1:34:19]} 12. h3 {[%clk 1:30:52]} Rb8 {[%clk 1:34:06]} 13. a5
{[%clk 1:26:47]} b5 {[%clk 1:31:52]} 14. axb6 {[%clk 1:27:05]} Nxb6
{[%clk 1:32:16]} 15. e4 {[%clk 1:22:35]} Nfd7 {[%clk 1:29:48]} 16. Kh2
{[%clk 1:20:03]} Bb7 {[%clk 1:21:39]} 17. Nb3 {[%clk 0:59:24]} Nc4
{[%clk 1:19:02]} 18. Qc2 {[%clk 0:51:28]} Bc8 {[%clk 1:15:12]} 19. Re1
{[%clk 0:41:34]} Qd8 {[%clk 1:06:04]} 20. Na4 {[%clk 0:31:25]} Rb4
{[%clk 0:59:01]} 21. f4 {[%clk 0:26:37]} Ndb6 {[%clk 0:45:56]} 22. Bf1
{[%clk 0:25:12]} Nxa4 {[%clk 0:44:30]} 23. Bxc4 {[%clk 0:25:30]} Nxb2
{[%clk 0:31:37]} 24. Bxb2 {[%clk 0:25:15]} Bxb2 {[%clk 0:30:51]} 25. Ra2
{[%clk 0:25:28]} Bg7 {[%clk 0:29:37]} 26. Na5 {[%clk 0:24:43]} Qd7
{[%clk 0:28:24]} 27. Bf1 {[%clk 0:24:54]} Re8 {[%clk 0:25:24]} 28. Nc6
{[%clk 0:22:35]} Rb6 {[%clk 0:25:46]} 29. Rb1 {[%clk 0:21:33]} Rxb1
{[%clk 0:21:00]} 30. Qxb1 {[%clk 0:21:59]} c4 {[%clk 0:21:16]} 31. Nb8
{[%clk 0:18:44]} Qb5 {[%clk 0:21:10]} 32. Qxb5 {[%clk 0:18:26]} axb5
{[%clk 0:21:37]} 33. Nc6 {[%clk 0:18:31]} Bd7 {[%clk 0:19:47]} 34. Ra5
{[%clk 0:18:02]} Rxe4 {[%clk 0:19:15]} 35. Rxb5 {[%clk 0:18:03]} c3
{[%clk 0:19:25]} 36. Rb8+ {[%clk 0:18:10]} Bf8 {[%clk 0:19:26]} 37. Bd3
{[%clk 0:17:40]} c2 {[%clk 0:18:37]} 0-1